000 00727nam a22002055i 4500
001 162492
003 ES-MaACL
005 20250801094346.0
008 041117s1873 be |||| | fre d
040 _aCAM
_bspa
_cCAM
100 1 _aPotvin, Ch.
_9131311
245 1 0 _aDe la corruption littéraire en France
_b: étude de littérature comparée sur les lois morales de l'art /
_cpar Ch. Potvin.
250 _a2e. éd.
260 _aBruxelles ;
_aLeipzig :
_bC. Muquardt :
_bHenry Merzbach,
_c1873 (
_fImprimerie de Bouillon)
300 _aIX, 478 p. ;
_c22 cm.
650 7 _aLiteratura francesa
_2embne
_914582
752 _aBélgica -
_dBruselas
852 _aES-MaACL
_jF-6561
_z-- Enc. hol.
999 _c162492
_d162492